MARC

LEADER 00000nab a2200000 a 4500
001 vtls011468657
003 SK-MaSNL
005 20260415124905.0
008 160125c2015 xo wr p 000 c0ukr
015 |a SNBRB2016/01 
038 |a SVKPOCL 
040 |a SVKPOCL  |b slo  |c SVKPOCL  |e AACR2 
041 0 |a ukr 
044 |a xo  |c SK 
080 |a 80(=16)+908(4)  |2 2011 
080 |a 80(=161.2)+908(477)  |2 2011 
080 |a 821.161.2(=161.2)(477)  |2 2011 
080 |a 821.161.2(=161.2)(437.5)  |2 2011 
080 |a 061.2  |2 2011 
080 |a 341.232.7  |2 2011 
080 |a (437.6)  |2 2011 
080 |a (477)  |2 2011 
080 |a (094.2)  |2 2011 
100 1 |a Jackanin, Ivan,  |d 1950-  |4 aut  |9 103637 
245 1 0 |a Spokij zavažaje  |c [avtor] (jaf) 
300 |b Fotogr. 
500 |a (jaf) pozri Jackanin, Ivan 
610 7 |a Nacionaľna spilka pysmennykiv Ukrajiny.  |b Zakarpatska oblasna orhanizacija (Užhorod, Ukrajina)  |2 svkpocl  |9 1334119 
610 2 7 |a Spolok ukrajinských spisovateľov na Slovensku  |2 svkpocl  |9 51355 
648 7 |a 2015-2017  |2 svkpocl  |9 364306 
650 0 7 |a ukrajinská literatúra  |2 svkpocl  |9 1218 
650 0 7 |a ukrajinská literatúra  |z Slovensko  |2 svkpocl  |9 306583 
650 0 7 |a spolky  |2 svkpocl  |9 4725 
650 0 7 |a kultúrna spolupráca  |2 svkpocl  |9 83473 
650 0 7 |a slavistika  |2 svkpocl  |9 4282 
650 0 7 |a ukrajinistika  |2 svkpocl  |9 51200 
650 0 7 |a medzinárodné dohody  |2 svkpocl  |9 29408 
651 7 |a Užhorod (Ukrajina)  |2 svkpocl  |9 26707 
651 7 |a Slovensko  |2 svkpocl  |9 14231 
773 0 |t Nove žyttja  |g Roč. 65, č. 23 (2015), s. 3 
852 |a SVKPO  |b KIS3GCP 
958 |a UK 
958 |a SK 
958 |a SS 
958 |a UA 
958 |a LX 
999 |c 2720399  |d 2722329